| 000 | 00624nam a22002057a 4500 | ||
|---|---|---|---|
| 999 |
_c15792 _d15792 |
||
| 003 | AR-CdUCM | ||
| 008 | 190430b ||||| |||| 00| 0 spa d | ||
| 040 |
_aMUNICIPALIDAD PROVINCIAL DEL CUSCO _cBIBLIOTECA MUNICIPAL DEL CUSCO |
||
| 082 |
_a969.20 / _bM95 |
||
| 100 |
_aMurena, H. A. _934992 |
||
| 245 | _aEl escándalo y el fuego / | ||
| 260 |
_aBuenos Aires : _bSudamericana, _c1959. |
||
| 300 |
_a71 páginas ; _c21 cm. |
||
| 505 | _aContenido : El escándalo y el fuego -- Poemas. | ||
| 650 |
_aLiteratura _983 |
||
| 650 |
_aPoemas _9929 |
||
| 650 |
_aSiglo XX _98 |
||
| 942 |
_2ddc _cLIBROS |
||
| 945 |
_arah _d30/04/2019 |
||